00761nam a2200229Ia 450000500170000000800410001702000150005808200200007310000310009324500620012425000190018630000430020565000300024865000090027865000430028765000460033026400320037633600270040833700330043533800280046804000350049620220317000509.0160601s1998 ck a g 000 0 spa  a958200440104a390.861 bG65f11 aGonzález Pérez, Marcos10aFiesta y región en Colombia cMarcos González Pérez a1a. edición  a253 páginas bilustraciones c24 cm 142LEMBaFolclor zColombia 142LEMB142LEMBaFestivales populares zColombia 142LEMBaFestividades religiosas zColombia  aBogotá bMagisterioc1998 atextobtxt2rdacontent asin mediaciónbn2rdamedia avolumenbnc2rdacarrier aCO-BoRNBPbspaerdacCO-BoRNBP